Foreign trade statistics of Africa (Record no. 498027)

000 -LEADER
fixed length control field 00340cam a22000977a 4500
008 - FIXED-LENGTH DATA ELEMENTS--GENERAL INFORMATION
fixed length control field 180718b xxu||||| |||| 00| 0 eng d
082 ## - DEWEY DECIMAL CLASSIFICATION NUMBER
Classification number T39065x6 Un3
245 ## - TITLE STATEMENT
Title Foreign trade statistics of Africa
Statement of responsibility, etc. by United Nations Economic Commission for Africa
260 ## - PUBLICATION, DISTRIBUTION, ETC.
Place of publication, distribution, etc. New York
Name of publisher, distributor, etc. United Nations
Date of publication, distribution, etc.
700 ## - ADDED ENTRY--PERSONAL NAME
Personal name United Nations Economic Commission for Africa
Holdings
Withdrawn status Lost status Damaged status Not for loan Permanent Location Current Location Date acquired Full call number Barcode Date last seen Price effective from Koha item type
        Indian Institute of Public Administration Indian Institute of Public Administration 2018-08-04 T39065x6 Un3 GG5791 2018-08-04 2018-08-04 GG

Powered by Koha